|
|
|
|
| LEADER |
00000cam a2200000 a 4500 |
| 001 |
vtls001481553 |
| 003 |
SK-MaSNL |
| 005 |
20260301015046.0 |
| 008 |
240226s2003 xo a j e 001 0 slo |
| 015 |
|
|
|a SNBA2004/10-05925
|
| 020 |
|
|
|a 8010002577
|
| 035 |
|
|
|a SNK000436850
|
| 035 |
|
|
|a urn:nbn:sk:snk-am3i4jz
|
| 035 |
|
|
|a A2A25C74-5EAD-402A-B07A-B122D3619352
|
| 035 |
|
|
|a urn:nbn:sk:snk-am00dju6
|
| 040 |
|
|
|a SNK
|b slo
|c SNK
|e AACR2
|
| 041 |
1 |
|
|a slo
|h eng
|
| 044 |
|
|
|a xo
|c SK
|
| 072 |
|
7 |
|a 030
|x Všeobecné príručkové diela
|2 konspekt
|
| 072 |
|
7 |
|a 821-93
|2 konspekt
|
| 080 |
|
|
|a 030(0.053.2)
|2 2. slo
|
| 080 |
|
|
|a 030
|2 1981
|
| 080 |
|
|
|a 031.025.2
|2 1981
|
| 080 |
|
|
|a (031)
|2 1981
|
| 240 |
1 |
4 |
|a The usborne pocket scientist - The red book
|l Slovensky
|
| 245 |
0 |
0 |
|a Učím sa poznávať svet
|b červená kniha
|c [editorka: Marta Jankajová ; preklad: Eva Bulánkoá ... [et al.]]
|
| 250 |
|
|
|a 1. vyd.
|
| 260 |
|
|
|a Bratislava
|b Mladé letá
|c 2003
|
| 300 |
|
|
|a 290 s.
|b fareb. ilustr.
|c 15 cm
|
| 500 |
|
|
|a Ilustr. na tit. strane. Text na predsádkach
|
| 504 |
|
|
|a Reg.
|
| 650 |
0 |
7 |
|a poznávanie
|2 SNKPH
|9 17474
|
| 650 |
0 |
7 |
|a veda
|2 SNKPH
|9 1599
|
| 655 |
|
7 |
|a encyklopédie
|2 SNKPH
|9 28776
|
| 655 |
|
7 |
|a populárno-náučné publikácie
|2 SNKPH
|9 70460
|
| 655 |
|
7 |
|a publikácie pre deti a mládež
|2 SNKPH
|9 70541
|
| 700 |
1 |
|
|a Jankajová, Marta
|4 edt
|9 243541
|
| 700 |
1 |
|
|a Bulánková, Eva,
|d 1951-
|4 trl
|9 114580
|
| 919 |
|
|
|a 80-10-00257-7
|
| 958 |
|
|
|a DB
|
| 958 |
|
|
|a OP
|
| 958 |
|
|
|a NS
|
| 968 |
|
|
|b ENG
|d 821
|
| 999 |
|
|
|c 559986
|d 561916
|
| 952 |
|
|
|t P60, <03>, [BOOK], {603}
|a SNK
|b SNK
|y PREZ
|7 0
|p 17A0442912
|o snkSE 10751
|i snkKSP 11930/2004
|0 0
|1 0
|4 0
|d 2004-09-13
|f 1
|l 0
|r 2005-01-02 00:00:00
|w 2026-02-23
|
| 952 |
|
|
|t P60, <04>, [BOOK], {604}
|a SNK
|b SNK
|y VYP
|7 0
|p 17A0442911
|o snkSE 10751 D1
|i snkKSP 11931/2004
|0 0
|1 0
|4 0
|d 2004-09-13
|l 0
|r 2005-01-02 00:00:00
|w 2026-02-23
|